Koniec pyramídovej hry

Systém dôchodkového zabezpečenia je v súčasnosti na Slovensku nemotivačný, diskriminačný a nespravodlivý. Charakteristika súčasného dôchodkového systému. Poslanecký a ministerský návrh na reformu dôchodkového zabezpečenia. Rozdiely medzi nimi.

Enregistré dans:
Détails bibliographiques
Auteur principal: Krištofičová, Dagmar
Format: Chapitre de livre
Langue:slovaque
Sujets:
Tags: Ajouter un tag
Pas de tags, Soyez le premier à ajouter un tag!

MARC

LEADER 00000naa a2200000 4500
001 r044550
005 20230920074008.6
041 0 |a slo 
044 |a SK 
245 1 0 |a Koniec pyramídovej hry  |c Dagmar Krištofičová 
520 |a Systém dôchodkového zabezpečenia je v súčasnosti na Slovensku nemotivačný, diskriminačný a nespravodlivý. Charakteristika súčasného dôchodkového systému. Poslanecký a ministerský návrh na reformu dôchodkového zabezpečenia. Rozdiely medzi nimi. 
610 2 0 |a zabezpečenie sociálne 
610 2 0 |a dôchodky 
610 2 0 |a reformy sociálne 
610 2 0 |a zamestnanci 
610 2 0 |a zamestnávatelia 
610 2 0 |a poistenie dôchodkové 
610 2 0 |a Slovensko 
100 1 |a Krištofičová, Dagmar